<?xml version="1.0" encoding="UTF-8"?><?xml-stylesheet type="text/xsl" href="static/style.xsl"?><OAI-PMH xmlns="http://www.openarchives.org/OAI/2.0/" xmlns:xsi="http://www.w3.org/2001/XMLSchema-instance" xsi:schemaLocation="http://www.openarchives.org/OAI/2.0/ http://www.openarchives.org/OAI/2.0/OAI-PMH.xsd"><responseDate>2026-06-04T06:31:27Z</responseDate><request verb="GetRecord" identifier="oai:recam.amb.cat:20.500.14439/4612" metadataPrefix="marc">https://recam.amb.cat/rest/oai/request</request><GetRecord><record><header><identifier>oai:recam.amb.cat:20.500.14439/4612</identifier><datestamp>2025-10-08T06:41:53Z</datestamp><setSpec>com_20.500.14439_2794</setSpec><setSpec>com_20.500.14439_113</setSpec><setSpec>col_20.500.14439_4607</setSpec></header><metadata><record xmlns="http://www.loc.gov/MARC21/slim" xmlns:dcterms="http://purl.org/dc/terms/" xmlns:xsi="http://www.w3.org/2001/XMLSchema-instance" xmlns:doc="http://www.lyncode.com/xoai" xsi:schemaLocation="http://www.loc.gov/MARC21/slim http://www.loc.gov/standards/marcxml/schema/MARC21slim.xsd">
   <leader>00925njm 22002777a 4500</leader>
   <datafield ind2=" " ind1=" " tag="042">
      <subfield code="a">dc</subfield>
   </datafield>
   <datafield ind2=" " ind1=" " tag="720">
      <subfield code="a">Àrea Metropolitana de Barcelona</subfield>
      <subfield code="e">author</subfield>
   </datafield>
   <datafield ind2=" " ind1=" " tag="260">
      <subfield code="c">2019-01-01</subfield>
   </datafield>
   <datafield ind2=" " ind1=" " tag="520">
      <subfield code="a">El segon volum de la revista Lux Barcelona reflexiona sobre la integritat pública, el codi ètic i les relacions amb grups d'interès. Després d'una introducció a càrrec de Gemma Calvet, directora de l'Agència de Transparència de l'AMB, es reprodueix el Codi ètic i de conducta per als alts càrrecs de l'AMB i entitats vinculades , que el Consell Metropolità va aprovar a començament del 2018.
Els altres dos pilars rellevants per a la reflexió sobre el bon govern són els articles de Marc Molins, «Guia d'identificació i prevenció de riscos penals de l'AMB i les seves entitats associades i dependents», i de Pau Bossacoma, «El finançament metropolità de grups polítics, partits polítics i sindicats».
Igual que en el primer número de la revista Lux Barcelona, el volum es completa amb quatre mirades que conviden a la reflexió des d'un punt de vista humanístic. La llum dels «Fars» l'aporten Begoña Román, «Tenir cura de les institucions», Francesc Torralba, «Ètica, cosmètica i credibilitat», Miguel Ángel Gimeno, «Objectiu final: la cultura de la integritat» i Mònica Planas, «Mares abans d'hora». Així mateix, la mirada del fotògraf Kim Manresa i les il·lustracions de l'opinador gràfic Jordi Duró enriqueixen el punt de vista global que busca la revista.</subfield>
   </datafield>
   <datafield ind1="8" ind2=" " tag="024">
      <subfield code="a">2604-0956</subfield>
   </datafield>
   <datafield ind1="8" ind2=" " tag="024">
      <subfield code="a">https://hdl.handle.net/20.500.14439/4612</subfield>
   </datafield>
   <datafield tag="653" ind2=" " ind1=" ">
      <subfield code="a">Transparència política</subfield>
   </datafield>
   <datafield tag="653" ind2=" " ind1=" ">
      <subfield code="a">Ètica</subfield>
   </datafield>
   <datafield tag="653" ind2=" " ind1=" ">
      <subfield code="a">Dret</subfield>
   </datafield>
   <datafield ind2="0" ind1="0" tag="245">
      <subfield code="a">Lux Barcelona, 2 [versió en anglès]</subfield>
   </datafield>
</record></metadata></record></GetRecord></OAI-PMH>